000 00247nam a2200097Ia 4500
001 920104
005 20250826191402.0
008 250824s9999 xx 000 0 und d
245 0 _aKURANI ANLAMADA BAĞLAM
_cAHMET ÖZ
260 _bHİKMETEVİ YAYINLARI
999 _c920104
_d920104